[Event "ICC tourney 1897 (3 2)"]
[Site "Internet Chess Club"]
[Date "2020.07.03"]
[Round "10"]
[White "helavir"]
[Black "Pschaak"]
[Result "1-0"]
[WhiteElo "2121"]
[BlackElo "2028"]
[PlyCount "73"]
[EventDate "2020.??.??"]

1. Nf3 Nf6 2. g3 g6 3. Bg2 Bg7 4. O-O d5 5. c4 c6 6. Qc2 O-O 7. d3 Bf5 8. Nbd2
Nbd7 9. h3 dxc4 10. Nxc4 Be6 11. Bd2 Bxc4 12. Qxc4 Qc7 13. b4 a6 14. a4 Rfc8
15. Rfc1 Ne8 16. Rab1 Nd6 17. Qc2 Qd8 18. Bf4 Nf5 19. Qb3 Qb6 20. Ng5 e6 21.
Nxe6 fxe6 22. Qxe6+ Kh8 23. Qxd7 Nd4 24. Re1 Nc2 25. Red1 Nd4 26. Rd2 a5 27.
Qd6 axb4 28. Rxb4 Qa7 29. Be5 Nf5 30. Bxg7+ Nxg7 31. Rdb2 Rab8 32. Bxc6 Rxc6
33. Qxc6 Rf8 34. Qb6 Qb8 35. Qxb7 Qe5 36. Rf4 Re8 37. Re4 1-0

[Event "ICC tourney 1897 (3 2)"]
[Site "Internet Chess Club"]
[Date "2020.07.03"]
[Round "6"]
[White "tsohal"]
[Black "Pschaak"]
[Result "1-0"]
[WhiteElo "1849"]
[BlackElo "2010"]
[PlyCount "93"]
[EventDate "2020.??.??"]

1. d4 Nf6 2. c4 c5 3. d5 b5 4. Qc2 bxc4 5. e4 g6 6. Bxc4 d6 7. Nf3 Bg7 8. h3
O-O 9. O-O Nbd7 10. Nbd2 Ne8 11. Rb1 Nc7 12. b3 a6 13. Bb2 Nb6 14. Bxg7 Kxg7
15. Rfe1 f6 16. Qc3 Bd7 17. a4 a5 18. Rec1 Na6 19. Bxa6 Rxa6 20. Ne1 Qa8 21.
Nd3 Rb8 22. f4 Qb7 23. Re1 Qc7 24. Kh1 Rc8 25. Nb2 Ra7 26. Nbc4 Re8 27. Re2 Rb8
28. Rbe1 Rf8 29. Qd3 Bc8 30. Nxb6 Qxb6 31. Nc4 Qb4 32. e5 Ba6 33. exf6+ exf6
34. f5 g5 35. Re7+ Rf7 36. Rxa7 Rxa7 37. Re6 Rd7 38. Qe2 Qxb3 39. Re7+ Rxe7 40.
Qxe7+ Kg8 41. Qe6+ Kg7 42. Nxd6 Qd1+ 43. Kh2 g4 44. Qe7+ Kh6 45. Qxf6+ Kh5 46.
Ne4 gxh3 47. Qg5# 1-0

[Event "ICC tourney 1897 (3 2)"]
[Site "Internet Chess Club"]
[Date "2020.07.03"]
[Round "5"]
[White "Pschaak"]
[Black "dopolian"]
[Result "0-1"]
[WhiteElo "2016"]
[BlackElo "1946"]
[PlyCount "128"]
[EventDate "2020.??.??"]

1. d4 Nf6 2. Bg5 c5 3. d5 Qb6 4. Nc3 Qxb2 5. Bd2 Qb6 6. e4 e5 7. Bc4 d6 8. Nf3
Be7 9. O-O O-O 10. Qe2 Bg4 11. h3 Bxf3 12. Qxf3 Nbd7 13. Qe2 Qc7 14. a4 Rfe8
15. Rfb1 Nf8 16. Rb3 Ng6 17. Rab1 Reb8 18. Qe1 Nd7 19. Nb5 Qd8 20. Ba5 b6 21.
Bd2 a6 22. Nc3 Bg5 23. Bxg5 Qxg5 24. Qf1 h5 25. Kh2 h4 26. Bxa6 Nf6 27. Bd3 Nf4
28. g3 Nxd3 29. cxd3 hxg3+ 30. fxg3 Nh5 31. Qf2 Rf8 32. Rxb6 f5 33. exf5 Rxf5
34. Qg2 Qe3 35. Ne4 Raf8 36. R6b2 Qxd3 37. Rd2 Qxb1 38. g4 Nf4 39. Qh1 Qxh1+
40. Kxh1 R5f7 41. Nxd6 Ra7 42. Ne4 Rxa4 43. Nxc5 Rd4 44. Rb2 Rxd5 45. Ne4 Rd1+
46. Kh2 Rd4 47. Ng5 Nd3 48. Rb5 Rd6 49. Kg3 Re8 50. Ne4 Rd4 51. Kf3 Ne1+ 52.
Ke3 Ng2+ 53. Kf3 Nh4+ 54. Ke3 Ng6 55. Ng5 Ra4 56. h4 Nxh4 57. Rb7 Rxg4 58. Ne4
Nf5+ 59. Kf3 Rf4+ 60. Kg2 Rxe4 61. Kh3 Re3+ 62. Kg4 Rf8 63. Kg5 Rg3+ 64. Kh5
g6# 0-1

[Event "ICC tourney 1897 (3 2)"]
[Site "Internet Chess Club"]
[Date "2020.07.03"]
[Round "4"]
[White "GeneraLisimus"]
[Black "Pschaak"]
[Result "1-0"]
[WhiteElo "2871"]
[BlackElo "2022"]
[PlyCount "55"]
[EventDate "2020.??.??"]

1. e4 c6 2. Ne2 d5 3. e5 Bf5 4. Ng3 Bg6 5. h4 h5 6. e6 fxe6 7. d4 Nf6 8. Bd3
Bxd3 9. Qxd3 Kf7 10. Nd2 Nbd7 11. Nf3 Kg8 12. Ng5 e5 13. Qf5 Nc5 14. dxc5 Qc8
15. Qxe5 Qd7 16. Be3 e6 17. Qxe6+ Qxe6 18. Nxe6 Re8 19. Nxf8 d4 20. Ng6 Rh7 21.
O-O-O dxe3 22. fxe3 Rxe3 23. Nf5 Re8 24. Rhe1 Rxe1 25. Rxe1 Kf7 26. Nf4 Ng4 27.
Nd6+ Kf6 28. Re6# 1-0

[Event "ICC tourney 1897 (3 2)"]
[Site "Internet Chess Club"]
[Date "2020.07.03"]
[Round "3"]
[White "Pschaak"]
[Black "fishbein"]
[Result "1/2-1/2"]
[WhiteElo "2022"]
[BlackElo "2506"]
[PlyCount "106"]
[EventDate "2020.??.??"]

1. d4 Nf6 2. Bg5 Ne4 3. Bf4 c5 4. f3 Qa5+ 5. c3 Nf6 6. Nd2 cxd4 7. Nb3 Qb6 8.
Qxd4 Qxd4 9. cxd4 e6 10. e4 Bb4+ 11. Bd2 Nc6 12. Bxb4 Nxb4 13. Kd2 O-O 14. a3
Nc6 15. Bd3 d6 16. Ne2 Bd7 17. Rac1 Rac8 18. Rc3 e5 19. Rhc1 Rfd8 20. Bb5 d5
21. dxe5 Nxe5 22. Bxd7 Rxc3 23. Nxc3 dxe4 24. Nxe4 Nxe4+ 25. fxe4 Rxd7+ 26. Ke3
f6 27. Nd4 Kf7 28. h3 h5 29. b3 b6 30. Rc8 Re7 31. Nc6 Nxc6 32. Rxc6 Re6 33.
Rc7+ Re7 34. Rxe7+ Kxe7 35. Kf4 Ke6 36. h4 a6 37. g4 hxg4 38. Kxg4 Ke5 39. Kf3
g6 40. Ke3 Kd6 41. Kf4 Ke6 42. Ke3 Ke5 43. Kf3 f5 44. exf5 Kxf5 45. Kg3 b5 46.
b4 Ke6 47. Kg4 Kf6 48. Kf4 Ke6 49. Kg5 Kf7 50. Kg4 Ke6 51. Kg5 Kf7 52. Kg4 Ke6
53. Kg5 Kf7 1/2-1/2

[Event "ICC tourney 1897 (3 2)"]
[Site "Internet Chess Club"]
[Date "2020.07.03"]
[Round "2"]
[White "manest"]
[Black "Pschaak"]
[Result "0-1"]
[WhiteElo "2779"]
[BlackElo "2008"]
[PlyCount "76"]
[EventDate "2020.??.??"]

1. Nf3 Nf6 2. c4 c5 3. Nc3 Nc6 4. g3 g6 5. Bg2 Bg7 6. O-O O-O 7. d4 cxd4 8.
Nxd4 Nxd4 9. Qxd4 d6 10. Qh4 a6 11. Rd1 Qc7 12. Bg5 Be6 13. Rac1 Qxc4 14. Nd5
Qxh4 15. Nxe7+ Kh8 16. Bxh4 h6 17. f4 Rfe8 18. Rc7 Nh7 19. Bxb7 g5 20. Bxa8
Rxa8 21. Rxd6 gxh4 22. Ng6+ Kg8 23. Nxh4 Bxb2 24. a4 Nf6 25. Rb7 Ba3 26. Rxe6
fxe6 27. Ng6 Rc8 28. Kg2 Nd5 29. e4 Nc3 30. Rb3 Bf8 31. Rb6 Nxa4 32. Rxe6 Nc5
33. Re5 a5 34. Rd5 a4 35. Rd2 a3 36. Nxf8 Kxf8 37. Ra2 Ra8 38. Kf3 Nd3 0-1

[Event "ICC tourney 1897 (3 2)"]
[Site "Internet Chess Club"]
[Date "2020.07.03"]
[Round "12"]
[White "fishmaster"]
[Black "justinchess"]
[Result "0-1"]
[WhiteElo "2086"]
[BlackElo "2130"]
[PlyCount "184"]
[EventDate "2020.??.??"]

1. Nf3 Nf6 2. c4 e6 3. g3 d5 4. b3 Be7 5. Bg2 O-O 6. O-O b6 7. Bb2 Bb7 8. e3 c5
9. Nc3 dxc4 10. bxc4 Nc6 11. Qe2 Qc7 12. Rad1 Rfd8 13. Ne1 a6 14. a4 Na5 15. d3
Bxg2 16. Kxg2 Ne8 17. f4 Nc6 18. Nf3 Nb4 19. Ne5 Nd6 20. e4 Nc6 21. Nxc6 Qxc6
22. Qf3 Rac8 23. e5 Nf5 24. Qxc6 Rxc6 25. Ne2 Ne3+ 26. Kf2 Nxf1 27. Kxf1 Kf8
28. Nc3 Ke8 29. Ne4 Rb8 30. Nc3 Rc7 31. Ke2 Rd7 32. Ke3 f5 33. h3 Kf7 34. g4 g6
35. Rg1 Rbd8 36. Rd1 Rh8 37. gxf5 gxf5 38. Ne2 Rg8 39. Kf3 Rb8 40. Nc3 Rbd8 41.
Ke3 Rg8 42. Kf3 Bh4 43. Ne2 Rb8 44. Nc3 Rbd8 45. Ke3 Rg8 46. Ne2 Rg2 47. Rh1
Rg8 48. Ba3 Rb8 49. Rb1 Be7 50. Nc3 Rbd8 51. Rd1 Bf8 52. Ne2 Bh6 53. Bb2 Rb8
54. Nc3 Rd4 55. Ne2 Rdd8 56. Nc3 Rg8 57. Ne2 b5 58. axb5 axb5 59. cxb5 Rxb5 60.
Bc3 Rd8 61. Ra1 Rd7 62. Ra6 Rb1 63. Rc6 Bf8 64. Ra6 Rh1 65. Ra5 Rxh3+ 66. Kd2
Rhxd3+ 67. Kc2 Re3 68. Nc1 Re4 69. Bd2 Rc4+ 70. Kb3 Rxd2 71. Kxc4 Rc2+ 72. Kd3
Rxc1 73. Ra7+ Be7 74. Ke3 Rc3+ 75. Kf2 Rc4 76. Rc7 Rxf4+ 77. Kg3 Re4 78. Kf3
Rxe5 79. Rc8 Rd5 80. Rh8 Kg7 81. Re8 Kf7 82. Rh8 Bf6 83. Rxh7+ Bg7 84. Rh1 c4
85. Rb1 c3 86. Ke3 c2 87. Rc1 Bh6+ 88. Kf3 Bxc1 89. Ke2 Bh6 90. Kf3 c1=Q 91.
Ke2 Rd2+ 92. Kf3 Qc3# 0-1

[Event "ICC tourney 1897 (3 2)"]
[Site "Internet Chess Club"]
[Date "2020.07.03"]
[Round "11"]
[White "dopolian"]
[Black "fishmaster"]
[Result "1-0"]
[WhiteElo "2081"]
[BlackElo "2101"]
[PlyCount "125"]
[EventDate "2020.??.??"]

1. e4 e5 2. Nf3 Nc6 3. Bb5 Nf6 4. d3 d6 5. O-O g6 6. c3 Bg7 7. Re1 O-O 8. Nbd2
Bd7 9. Nf1 Re8 10. Bg5 h6 11. Bh4 g5 12. Bg3 Nh5 13. Ne3 Nf4 14. h3 Ne7 15.
Bxd7 Qxd7 16. d4 Rad8 17. Bxf4 exf4 18. Nc4 f5 19. exf5 Qxf5 20. Qb3 Qd5 21.
Na5 Qxb3 22. axb3 b6 23. Rxe7 Rxe7 24. Nc6 Rde8 25. Nxe7+ Rxe7 26. Rxa7 Kf7 27.
Kf1 Ke6 28. Ra8 Kd7 29. Ra1 Bf6 30. Re1 Rxe1+ 31. Kxe1 Ke6 32. Kd2 c5 33. Kd3
Kd5 34. c4+ Ke6 35. Ke4 h5 36. d5+ Kf7 37. Kf5 g4 38. hxg4 hxg4 39. Kxg4 Bxb2
40. Kxf4 Kf6 41. g4 Bc1+ 42. Ke4 Bb2 43. Nh2 Kg5 44. f4+ Kg6 45. Nf3 Kf6 46.
g5+ Kg6 47. f5+ Kh5 48. f6 Kg6 49. Kf4 Bc1+ 50. Kg4 Be3 51. Nh4+ Kf7 52. Kf5
Bf2 53. g6+ Kg8 54. f7+ Kg7 55. Nf3 b5 56. Ng5 bxc4 57. bxc4 Be3 58. Ne6+ Kh6
59. f8=Q+ Kh5 60. Qh8+ Bh6 61. g7 Kh4 62. g8=Q Kh5 63. Qg4# 1-0

[Event "ICC tourney 1897 (3 2)"]
[Site "Internet Chess Club"]
[Date "2020.07.03"]
[Round "10"]
[White "fishbein"]
[Black "fishmaster"]
[Result "1/2-1/2"]
[WhiteElo "2490"]
[BlackElo "2112"]
[PlyCount "21"]
[EventDate "2020.??.??"]

1. e4 e5 2. Nf3 Nc6 3. Nc3 Nf6 4. Be2 d5 5. exd5 Nxd5 6. O-O Nxc3 7. bxc3 Bd6
8. d4 O-O 9. Bd3 Bg4 10. h3 Bh5 11. Be4 1/2-1/2

[Event "ICC tourney 1897 (3 2)"]
[Site "Internet Chess Club"]
[Date "2020.07.03"]
[Round "7"]
[White "fishmaster"]
[Black "tsohal"]
[Result "1-0"]
[WhiteElo "2077"]
[BlackElo "1823"]
[PlyCount "107"]
[EventDate "2020.??.??"]

1. Nf3 d5 2. c4 e6 3. b3 Nf6 4. g3 Be7 5. Bg2 O-O 6. O-O b6 7. Bb2 Bb7 8. e3
Nbd7 9. Nc3 c5 10. Qe2 Qc7 11. Rad1 Rac8 12. cxd5 Nxd5 13. Nxd5 Bxd5 14. e4 Bb7
15. d4 cxd4 16. Nxd4 Nc5 17. Rc1 Qb8 18. Rfd1 Bf6 19. f4 e5 20. Nf5 Rfd8 21.
fxe5 Bxe5 22. Ne7+ Kf8 23. Nxc8 Rxc8 24. b4 Ne6 25. Rxc8+ Bxc8 26. Kh1 h6 27.
Qd2 Bb7 28. Bxe5 Qxe5 29. Qd6+ Qxd6 30. Rxd6 Ke7 31. Rd2 f6 32. Kg1 Bc8 33. h4
Ba6 34. Bh3 Nf8 35. Kf2 Bc4 36. a3 g6 37. Ke3 g5 38. Bf5 Bb3 39. Rd3 Bc4 40.
Rc3 b5 41. Kd4 Kd6 42. Rc1 a6 43. hxg5 hxg5 44. Rh1 Be6 45. Rh8 Nd7 46. Bxe6
Kxe6 47. Ra8 Ne5 48. Rxa6+ Ke7 49. Rb6 Nc4 50. Rxb5 Nxa3 51. Rc5 Kd6 52. Kc3
Nb1+ 53. Kc2 Na3+ 54. Kb2 1-0

[Event "ICC tourney 1897 (3 2)"]
[Site "Internet Chess Club"]
[Date "2020.07.03"]
[Round "4"]
[White "fishmaster"]
[Black "Visam"]
[Result "0-1"]
[WhiteElo "2078"]
[BlackElo "2676"]
[PlyCount "116"]
[EventDate "2020.??.??"]

1. Nf3 Nf6 2. c4 g6 3. Nc3 d5 4. cxd5 Nxd5 5. e4 Nxc3 6. dxc3 Qxd1+ 7. Kxd1 f6
8. Be3 e5 9. Nd2 Nd7 10. Kc2 Bc5 11. Bxc5 Nxc5 12. Bc4 a5 13. a4 Ke7 14. Rhd1
Bd7 15. f3 Bxa4+ 16. b3 Bd7 17. Nf1 b5 18. Be2 Be6 19. Rdb1 c6 20. b4 axb4 21.
cxb4 Nb3 22. Rxa8 Nd4+ 23. Kd2 Rxa8 24. Rb2 Nb3+ 25. Kc2 Nd4+ 26. Kd2 Ra1 27.
Bd1 f5 28. exf5 gxf5 29. Ne3 f4 30. Nc2 Nb3+ 31. Ke1 Rc1 32. Ra2 Bf5 33. Rb2
Nd4 34. Nxd4 exd4 35. Kd2 Ra1 36. Bc2 Bxc2 37. Kxc2 Kd6 38. Kd3 Kd5 39. g3 Ra3+
40. Ke2 Re3+ 41. Kf2 fxg3+ 42. hxg3 Re7 43. Rc2 d3 44. Rc5+ Kd4 45. Rxc6 Re2+
46. Kf1 Ke3 47. Re6+ Kxf3 48. Rd6 Ke3 49. Re6+ Kd2 50. Rd6 Kc2 51. Rc6+ Kd1 52.
Rd6 d2 53. Ra6 Re1+ 54. Kf2 Kc2 55. Ra2+ Kc3 56. Ra3+ Kc4 57. Re3 Rxe3 58. Kxe3
d1=Q 0-1

[Event "ICC tourney 1897 (3 2)"]
[Site "Internet Chess Club"]
[Date "2020.07.03"]
[Round "2"]
[White "helavir"]
[Black "fishmaster"]
[Result "1-0"]
[WhiteElo "1933"]
[BlackElo "2079"]
[PlyCount "53"]
[EventDate "2020.??.??"]

1. e4 e5 2. Nf3 Nc6 3. Bb5 Nf6 4. d3 d6 5. O-O g6 6. d4 exd4 7. Nxd4 Bd7 8. Nc3
Bg7 9. Bg5 Nxd4 10. Bxd7+ Qxd7 11. Qxd4 Qe6 12. Nd5 Nh5 13. Nxc7+ Kd7 14. Nxe6
Bxd4 15. Nxd4 Ng7 16. Bf6 Rhg8 17. Bxg7 Rxg7 18. Rad1 Rc8 19. Rd2 Rgg8 20. Rfd1
Ke7 21. Nb5 a6 22. Nxd6 Rc7 23. e5 Rd7 24. Nf5+ gxf5 25. Rxd7+ Ke6 26. f4 Rc8
27. R1d6# 1-0

[Event "ICC tourney 1897 (3 2)"]
[Site "Internet Chess Club"]
[Date "2020.07.03"]
[Round "15"]
[White "penguingm1"]
[Black "Sina101"]
[Result "1-0"]
[WhiteElo "2807"]
[BlackElo "1480"]
[PlyCount "43"]
[EventDate "2020.??.??"]

1. d4 d5 2. Bf4 Nf6 3. e3 c5 4. Nc3 Nc6 5. Nb5 e5 6. dxe5 a6 7. Nc3 Ng4 8. Qxd5
Be6 9. Qe4 Be7 10. h3 Nh6 11. g4 Qb6 12. O-O-O O-O 13. Bg2 Nb4 14. a3 Nc6 15.
Nge2 Qa5 16. Bxh6 gxh6 17. Nf4 c4 18. Nxe6 fxe6 19. Qxc4 Rxf2 20. Bxc6 bxc6 21.
Qxe6+ Kf8 22. Rhf1 1-0

[Event "ICC tourney 1897 (3 2)"]
[Site "Internet Chess Club"]
[Date "2020.07.03"]
[Round "13"]
[White "Sina101"]
[Black "fishmaster"]
[Result "1-0"]
[WhiteElo "1449"]
[BlackElo "2055"]
[PlyCount "49"]
[EventDate "2020.??.??"]

1. d4 Nf6 2. c4 e6 3. Nc3 Bb4 4. a3 Bxc3+ 5. bxc3 O-O 6. e3 d5 7. cxd5 exd5 8.
Bd3 c5 9. Ne2 b6 10. O-O Ba6 11. Ng3 Bxd3 12. Qxd3 Re8 13. f3 Nc6 14. Ra2 h5
15. Raf2 h4 16. Nf5 Nh7 17. e4 dxe4 18. fxe4 g6 19. Nh6+ Kg7 20. Rxf7+ Kh8 21.
e5 Nxe5 22. Qe4 Nxf7 23. Nxf7+ Kg7 24. Bh6+ Kg8 25. Qxg6# 1-0

[Event "ICC tourney 1897 (3 2)"]
[Site "Internet Chess Club"]
[Date "2020.07.03"]
[Round "14"]
[White "ficorrales"]
[Black "Visam"]
[Result "0-1"]
[WhiteElo "2121"]
[BlackElo "2635"]
[PlyCount "126"]
[EventDate "2020.??.??"]

1. e4 e5 2. Nf3 Nc6 3. Bb5 g6 4. c3 Bg7 5. O-O a6 6. Ba4 Nge7 7. h3 O-O 8. Re1
d6 9. d4 exd4 10. cxd4 b5 11. Bc2 Na5 12. Nbd2 Bb7 13. Nf1 c5 14. d5 Nc4 15.
Rb1 Ne5 16. Nxe5 Bxe5 17. Bh6 Bg7 18. Bxg7 Kxg7 19. b4 Rc8 20. Ne3 Ng8 21. bxc5
Rxc5 22. Bd3 Nf6 23. a4 Re8 24. axb5 axb5 25. Rb4 Bc8 26. Qa1 Bd7 27. Reb1 Qe7
28. f3 Rb8 29. g4 Kg8 30. Qd4 Ne8 31. Kg2 Nc7 32. f4 Ra8 33. e5 Ra3 34. R4b3
Ra4 35. Rb4 Ra3 36. R1b3 Ra2+ 37. Kg3 Na6 38. e6 fxe6 39. dxe6 Qxe6 40. Rxb5
Bxb5 41. Rxb5 Ra3 42. Rb7 Nc7 43. Kh4 Qe7+ 44. g5 h6 45. Rb8+ Ne8 46. Nd5 hxg5+
47. fxg5 Qe1+ 48. Kg4 Qd1+ 49. Kf4 Qd2+ 50. Kg4 Qd1+ 51. Kh4 Qe1+ 52. Kg4 Qe6+
53. Kh4 Rxd3 54. Nf6+ Kf7 55. Rb7+ Rc7 56. Rxc7+ Nxc7 57. Qxd3 Ne8 58. Ng4 Ng7
59. Qf3+ Nf5+ 60. Qxf5+ gxf5 61. Nh6+ Kg6 62. Nxf5 Qxf5 63. Kg3 Kxg5 0-1

[Event "ICC tourney 1897 (3 2)"]
[Site "Internet Chess Club"]
[Date "2020.07.03"]
[Round "13"]
[White "Aleksandrov73"]
[Black "ficorrales"]
[Result "1-0"]
[WhiteElo "2344"]
[BlackElo "2114"]
[PlyCount "95"]
[EventDate "2020.??.??"]

1. d4 Nf6 2. c4 g6 3. Nc3 d5 4. cxd5 Nxd5 5. Bd2 Bg7 6. e4 Nb6 7. Be3 O-O 8.
Nf3 f5 9. Be2 Nc6 10. d5 Ne5 11. Bd4 Nxf3+ 12. Bxf3 e5 13. Bc5 Rf7 14. O-O Nc4
15. Qe2 Nd6 16. Rfe1 a6 17. Rac1 Bd7 18. Rc2 Qh4 19. g3 Qf6 20. exf5 gxf5 21.
Bg2 Re8 22. Rd2 Bh6 23. Rdd1 Qg6 24. Bf3 b6 25. Bh5 Qf6 26. Bxd6 Qxd6 27. Qxa6
Ref8 28. Bxf7+ Rxf7 29. Qc4 Bf8 30. a4 Qf6 31. Rc1 Bc5 32. b4 Bd6 33. a5 bxa5
34. bxa5 f4 35. Ne4 Qf5 36. a6 f3 37. a7 Rf8 38. Rb1 Qh3 39. Qf1 Qh6 40. Rb8
Bh3 41. Qd3 Bf5 42. a8=Q Qh3 43. Qxf3 Bc8 44. Qxf8+ Bxf8 45. Rxc8 Qf5 46. Rxf8+
Qxf8 47. Qxf8+ Kxf8 48. Ng5 1-0

[Event "ICC tourney 1897 (3 2)"]
[Site "Internet Chess Club"]
[Date "2020.07.03"]
[Round "12"]
[White "ficorrales"]
[Black "Goran21"]
[Result "1-0"]
[WhiteElo "2123"]
[BlackElo "1780"]
[PlyCount "113"]
[EventDate "2020.??.??"]

1. e4 c5 2. Nf3 d6 3. d4 cxd4 4. Nxd4 e5 5. Bb5+ Bd7 6. Bxd7+ Qxd7 7. Ne2 Nf6
8. Nbc3 Qc6 9. Qd3 Nbd7 10. Be3 Be7 11. O-O a6 12. Rfd1 O-O 13. Rac1 b5 14. f3
Rfd8 15. a3 Rac8 16. Bf2 Nb6 17. Bxb6 Qxb6+ 18. Kh1 h6 19. Ng3 g6 20. Nf1 Rc4
21. Ne3 Rd4 22. Qe2 Bf8 23. Ned5 Rxd1+ 24. Rxd1 Nxd5 25. Nxd5 Qc5 26. c3 Kg7
27. h3 Rd7 28. b4 Qc6 29. Rc1 Rd8 30. a4 bxa4 31. Ra1 Rd7 32. Qa2 Ra7 33. Qxa4
Qc4 34. Qe8 f5 35. Qe6 Rf7 36. Nf4 Qxe6 37. Nxe6+ Kf6 38. Nxf8 Rxf8 39. Rxa6
Ke6 40. c4 fxe4 41. fxe4 Kd7 42. c5 dxc5 43. bxc5 Rf4 44. Rxg6 Rxe4 45. Rxh6
Rc4 46. c6+ Kc7 47. Re6 e4 48. Kh2 Rc1 49. h4 Rc5 50. g4 e3 51. Rxe3 Kxc6 52.
h5 Ra5 53. Kg3 Kd6 54. Kh4 Ra1 55. Kg5 Ra5+ 56. Kg6 Ra3 57. Rxa3 1-0

[Event "ICC tourney 1897 (3 2)"]
[Site "Internet Chess Club"]
[Date "2020.07.03"]
[Round "11"]
[White "ficorrales"]
[Black "Mookmookarmy"]
[Result "0-1"]
[WhiteElo "2121"]
[BlackElo "1833"]
[PlyCount "104"]
[EventDate "2020.??.??"]

1. e4 e6 2. d4 d5 3. e5 c5 4. c3 Nc6 5. Nf3 Bd7 6. Be2 Qb6 7. O-O Nh6 8. Na3
cxd4 9. cxd4 Nf5 10. Nc2 Rc8 11. h4 Be7 12. h5 h6 13. g3 O-O 14. Kg2 Rc7 15.
Rb1 Rfc8 16. b4 Nxe5 17. Nxe5 Ba4 18. Bd3 Bxc2 19. Bxc2 Rxc2 20. Nf3 Rxa2 21.
Bb2 Rc4 22. Qb3 Qa6 23. Ra1 Rxa1 24. Rxa1 Qb6 25. Qa4 Nd6 26. Ba3 a6 27. Ne5
Qxd4 28. Nxc4 Qxa1 29. Nxd6 Bxd6 30. Qe8+ Bf8 31. Qa4 Qa2 32. Qa5 Qc4 33. Qd8
Qe4+ 34. Kh3 Qf5+ 35. Kg2 Qd3 36. Bc1 Qe4+ 37. Kh2 d4 38. Bf4 e5 39. Qe8 f6 40.
Bc1 Qe1 41. Qe6+ Kh8 42. Qc8 Qxf2+ 43. Kh3 Kg8 44. Qe6+ Kh8 45. Qc8 Qf1+ 46.
Kh2 Qe2+ 47. Kg1 Qd1+ 48. Kg2 Qe2+ 49. Kg1 Qe1+ 50. Kg2 Qxb4 51. Kh3 Qd6 52.
Qc7 Qxc7 0-1

[Event "ICC tourney 1897 (3 2)"]
[Site "Internet Chess Club"]
[Date "2020.07.03"]
[Round "10"]
[White "penguingm1"]
[Black "ficorrales"]
[Result "1-0"]
[WhiteElo "2860"]
[BlackElo "2161"]
[PlyCount "71"]
[EventDate "2020.??.??"]

1. d4 Nf6 2. c4 g6 3. f3 d5 4. cxd5 Nxd5 5. e4 Nb6 6. Nc3 Bg7 7. Be3 Nc6 8. d5
Ne5 9. f4 Ng4 10. Bb5+ Kf8 11. Bd4 c6 12. Be2 Nf6 13. dxc6 bxc6 14. Nf3 Nh5 15.
Be3 Be6 16. Ng5 Qxd1+ 17. Rxd1 Bc4 18. e5 Bh6 19. Bf3 f6 20. exf6 exf6 21. Nh3
Ng7 22. Bxc6 Rc8 23. Bb7 Re8 24. Kf2 Nf5 25. Bc5+ Kf7 26. g4 Ne7 27. Rhe1 Nec8
28. Ne4 Be6 29. Bxb6 axb6 30. Bxc8 Rxc8 31. Nd6+ Ke7 32. Nxc8+ Rxc8 33. f5 Rc2+
34. Kg3 gxf5 35. gxf5 Rxb2 36. Rxe6+ 1-0

[Event "ICC tourney 1897 (3 2)"]
[Site "Internet Chess Club"]
[Date "2020.07.03"]
[Round "5"]
[White "justinchess"]
[Black "ficorrales"]
[Result "0-1"]
[WhiteElo "2146"]
[BlackElo "1701"]
[PlyCount "68"]
[EventDate "2020.??.??"]

1. d4 Nf6 2. c4 g6 3. Nf3 Bg7 4. g3 O-O 5. Bg2 d5 6. Nbd2 Re8 7. O-O Nc6 8.
cxd5 Nxd5 9. Nb3 Nb6 10. Bf4 a5 11. Rc1 a4 12. Nc5 a3 13. b3 Nd5 14. Bd2 Nxd4
15. Nxd4 Bxd4 16. Bg5 Nc3 17. Qc2 c6 18. e3 Bg7 19. e4 Bg4 20. Be3 Ne2+ 21. Kh1
Nxc1 22. Rxc1 b6 23. Nd3 c5 24. h3 Bd7 25. Rd1 Qc8 26. Kh2 Bc6 27. Nf4 Qb7 28.
Nd5 e6 29. Nc3 Rad8 30. Re1 h6 31. Bf4 Rd7 32. Bc1 Qa6 33. Bf1 Qa5 34. Bd2 Rxd2
0-1

[Event "ICC tourney 1897 (3 2)"]
[Site "Internet Chess Club"]
[Date "2020.07.03"]
[Round "3"]
[White "londonkid"]
[Black "ficorrales"]
[Result "0-1"]
[WhiteElo "1737"]
[BlackElo "1480"]
[PlyCount "44"]
[EventDate "2020.??.??"]

1. d4 Nf6 2. c4 g6 3. Nc3 d5 4. Bg5 Bg7 5. Bxf6 Bxf6 6. cxd5 c5 7. dxc5 Na6 8.
e3 Nxc5 9. Nge2 Qb6 10. Qd2 O-O 11. Nd4 e5 12. Nf3 e4 13. Nd4 Re8 14. Be2 Nd3+
15. Kf1 Bxd4 16. exd4 Nxf2 17. Rg1 e3 18. Qc2 Bf5 19. Qb3 Qxd4 20. Qc4 Qd2 21.
Nd1 Bd3 22. Bxd3 Nxd3 0-1

[Event "ICC tourney 1897 (3 2)"]
[Site "Internet Chess Club"]
[Date "2020.07.03"]
[Round "2"]
[White "ficorrales"]
[Black "Sina101"]
[Result "0-1"]
[WhiteElo "1347"]
[BlackElo "1343"]
[PlyCount "88"]
[EventDate "2020.??.??"]

1. e4 c5 2. Nf3 e6 3. d4 cxd4 4. Nxd4 Nc6 5. Nc3 Qc7 6. Be3 a6 7. Qd2 Nf6 8.
O-O-O Bb4 9. f3 Ne5 10. Nb3 d5 11. exd5 Nxd5 12. Bd4 O-O 13. Kb1 Nxc3+ 14. bxc3
Be7 15. Qe3 Nc4 16. Bxc4 Qxc4 17. Rd2 b5 18. Rhd1 a5 19. Nc5 b4 20. cxb4 axb4
21. Qb3 Qb5 22. c4 Qa5 23. Nd3 Bd7 24. Nb2 Bc6 25. Ka1 Rfb8 26. Be3 Bf6 27. Bd4
Be7 28. Rd3 h6 29. R1d2 Rb7 30. g3 Rab8 31. f4 Be4 32. Re3 Bf5 33. Be5 Ra8 34.
Re1 Rba7 35. Nd3 Rd7 36. Red1 Rad8 37. Qb2 Rxd3 38. Rxd3 Rxd3 39. Rxd3 Bxd3 40.
Bxg7 b3 41. Qxb3 Qe1+ 42. Kb2 Qd2+ 43. Ka1 Qc1+ 44. Qb1 Qxb1# 0-1

[Event "ICC tourney 1897 (3 2)"]
[Site "Internet Chess Club"]
[Date "2020.07.03"]
[Round "15"]
[White "justinchess"]
[Black "premierchess"]
[Result "1-0"]
[WhiteElo "2143"]
[BlackElo "1746"]
[PlyCount "43"]
[EventDate "2020.??.??"]

1. d4 Nf6 2. c4 e6 3. Nf3 b6 4. g3 Ba6 5. b3 Bb4+ 6. Bd2 c5 7. Bg2 Bb7 8. O-O
Bxd2 9. Qxd2 O-O 10. dxc5 bxc5 11. Nc3 Nc6 12. Rfd1 Qa5 13. Na4 Rac8 14. Qxa5
Nxa5 15. Ne5 Rfd8 16. Rd6 Bxg2 17. Kxg2 Rc7 18. Rad1 Nb7 19. Ra6 d6 20. Rxa7
dxe5 21. Rxd8+ Nxd8 22. Rxc7 1-0

[Event "ICC tourney 1897 (3 2)"]
[Site "Internet Chess Club"]
[Date "2020.07.03"]
[Round "14"]
[White "premierchess"]
[Black "londonkid"]
[Result "1/2-1/2"]
[WhiteElo "1747"]
[BlackElo "1854"]
[PlyCount "79"]
[EventDate "2020.??.??"]

1. e4 e6 2. d4 d5 3. Nd2 Nf6 4. e5 Nfd7 5. c3 c5 6. Bd3 Nc6 7. Ne2 Qb6 8. Nf3
cxd4 9. cxd4 f6 10. exf6 Nxf6 11. O-O Bd6 12. Bf4 Bxf4 13. Nxf4 Qxb2 14. Rb1
Qxa2 15. Re1 O-O 16. Ng5 h6 17. Ngxe6 Bxe6 18. Nxe6 Rf7 19. Bg6 Re7 20. Ra1 Qb2
21. Re2 Qb4 22. Rb1 Qd6 23. Qe1 Ne4 24. Bxe4 dxe4 25. Rxe4 Rae8 26. Nc5 Rxe4
27. Nxe4 Qe7 28. d5 Qxe4 29. Qxe4 Rxe4 30. dxc6 bxc6 31. Kf1 Kf7 32. Rb8 Ra4
33. Rc8 Ra6 34. Rc7+ Kf6 35. Ke2 Ra2+ 36. Ke3 Ra3+ 37. Ke4 Ra4+ 38. Ke3 Ra3+
39. Ke4 Ra4+ 40. Ke3 1/2-1/2

[Event "ICC tourney 1897 (3 2)"]
[Site "Internet Chess Club"]
[Date "2020.07.03"]
[Round "11"]
[White "Sina101"]
[Black "premierchess"]
[Result "1/2-1/2"]
[WhiteElo "1401"]
[BlackElo "1710"]
[PlyCount "115"]
[EventDate "2020.??.??"]

1. d4 Nf6 2. c4 e6 3. Nc3 Bb4 4. a3 Bxc3+ 5. bxc3 d5 6. e3 c5 7. cxd5 Nxd5 8.
Qc2 Nc6 9. h4 Qa5 10. Bd2 Qc7 11. Bd3 cxd4 12. cxd4 e5 13. dxe5 Nxe5 14. Bb5+
Bd7 15. Qb3 Bxb5 16. Qxb5+ Qc6 17. Qxc6+ Nxc6 18. e4 Nf6 19. f3 O-O-O 20. Ne2
Rd3 21. Nc1 Rd7 22. Be3 Rhd8 23. Ke2 Nh5 24. Kf2 g6 25. Nb3 b6 26. Rac1 Kb7 27.
g4 Ng7 28. Rc3 Rd3 29. Rhc1 Rxc3 30. Rxc3 Ne6 31. Nd2 Ned4 32. Nc4 b5 33. Nb2
a5 34. Nd3 b4 35. axb4 axb4 36. Rc4 b3 37. Rc3 Kb6 38. Bxd4+ Nxd4 39. Nb2 Kb5
40. Ke3 Nc2+ 41. Ke2 Kb4 42. Rc4+ Ka3 43. Nd3 Na1 44. Rc1 b2 45. Rb1 Rb8 46.
Nxb2 Rxb2+ 47. Rxb2 Kxb2 48. Ke3 Nc2+ 49. Kf4 Nd4 50. h5 f6 51. g5 Ne6+ 52. Kg4
Nxg5 53. hxg6 hxg6 54. e5 Nxf3 55. exf6 Ne5+ 56. Kg5 Kc3 57. f7 Nxf7+ 58. Kxg6
1/2-1/2